Sports Quiz

Random Sports or Hockey Quiz

Selke Trophy Votes Per Team (2010s) Quiz Stats

 Plays Quiz not verified by Sporcle

Score 0/182 Timer 15:00
0 Plays Today
Hint Answer % Correct
Boston BruinsPatrice Bergeron
94.8%
Anaheim DucksRyan Kesler
94.3%
Anaheim DucksRyan Getzlaf
91.8%
Vancouver CanucksRyan Kesler
91.8%
Chicago BlackhawksJonathan Toews
91%
Anaheim DucksCorey Perry
89.6%
Carolina HurricanesEric Staal
88.8%
Carolina HurricanesJordan Staal
88.8%
Detroit Red WingsPavel Datsyuk
88.8%
Pittsburgh PenguinsJordan Staal
88.8%
Los Angeles KingsAnze Kopitar
87.3%
Chicago BlackhawksMarian Hossa
85.8%
Detroit Red WingsHenrik Zetterberg
85.8%
Pittsburgh PenguinsSidney Crosby
85.8%
Chicago BlackhawksPatrick Kane
85.1%
San Jose SharksJoe Thornton
85.1%
Vancouver CanucksHenrik Sedin
85.1%
Vancouver CanucksDaniel Sedin
85.1%
New York RangersRick Nash
84.3%
Chicago BlackhawksPatrick Sharp
82.8%
Washington CapitalsNicklas Backstrom
82.8%
Anaheim DucksSaku Koivu
82.1%
Boston BruinsBrad Marchand
82.1%
Minnesota WildMikko Koivu
82.1%
Philadelphia FlyersClaude Giroux
82.1%
St. Louis BluesDavid Backes
82.1%
Florida PanthersAleksander Barkov
81.4%
Los Angeles KingsMike Richards
81.3%
Philadelphia FlyersMike Richards
81.3%
San Jose SharksJoe Pavelski
81.3%
Boston BruinsDavid Krejci
80.6%
Dallas StarsBrad Richards
80.6%
New York IslandersJohn Tavares
80.6%
Los Angeles KingsJeff Carter
80%
San Jose SharksPatrick Marleau
79.1%
Dallas StarsJamie Benn
78.6%
Montreal CanadiensMax Pacioretty
78.6%
Washington CapitalsAlexander Ovechkin
77.6%
Minnesota WildZach Parise
76.9%
New Jersey DevilsZach Parise
76.9%
Boston BruinsMilan Lucic
74.6%
Winnipeg JetsBlake Wheeler
74.3%
Philadelphia FlyersJeff Carter
73.9%
San Jose SharksLogan Couture
73.9%
Buffalo SabresRyan O'Reilly
72.9%
Colorado AvalancheMatt Duchene
72.4%
Ottawa SenatorsDaniel Alfredsson
71.6%
Nashville PredatorsJames Neal
71.4%
Colorado AvalancheGabriel Landeskog
70.9%
Boston BruinsTyler Seguin
69.4%
Tampa Bay LightningMartin St. Louis
69.4%
Calgary FlamesJarome Iginla
68.7%
Nashville PredatorsFilip Forsberg
68.6%
Los Angeles KingsDustin Brown
67.9%
Pittsburgh PenguinsChris Kunitz
67.9%
New Jersey DevilsPatrik Elias
67.2%
St. Louis BluesT.J. Oshie
67.2%
Winnipeg JetsAndrew Ladd
67.2%
Montreal CanadiensTomas Plekanec
66.4%
Ottawa SenatorsMark Stone
65.7%
Florida PanthersJaromir Jagr
65.7%
Hint Answer % Correct
New York RangersMats Zuccarello
65.7%
Colorado AvalancheRyan O'Reilly
64.9%
New York RangersRyan Callahan
64.9%
St. Louis BluesAlex Steen
64.9%
Tampa Bay LightningNikita Kucherov
64.3%
Washington CapitalsEvgeny Kuznetsov
64.3%
Anaheim DucksTeemu Selanne
62.7%
Colorado AvalanchePaul Stastny
62.7%
New York RangersDerek Stepan
61.9%
Tampa Bay LightningTyler Johnson
61.2%
Calgary FlamesSean Monahan
60%
Ottawa SenatorsZack Smith
60%
Nashville PredatorsMike Fisher
59%
Ottawa SenatorsMike Fisher
59%
Columbus Blue JacketsNick Foligno
58.6%
Florida PanthersJussi Jokinen
58.6%
Buffalo SabresJason Pominville
58.2%
Minnesota WildJason Pominville
58.2%
Anaheim DucksBobby Ryan
57.5%
New Jersey DevilsTravis Zajac
56.7%
Arizona CoyotesAntoine Vermette
56%
Columbus Blue JacketsAntoine Vermette
56%
Philadelphia FlyersScott Hartnell
56%
Pittsburgh PenguinsPascal Dupuis
56%
Montreal CanadiensBrian Gionta
55.2%
Nashville PredatorsDavid Legwand
53.7%
Arizona CoyotesMartin Hanzal
53%
Los Angeles KingsWayne Simmonds
53%
Toronto Maple LeafsTyler Bozak
53%
Vancouver CanucksAlexandre Burrows
53%
Boston BruinsLoui Eriksson
52.9%
Philadelphia FlyersSean Couturier
52.2%
New York IslandersFrans Nielsen
51.5%
Tampa Bay LightningOndrej Palat
51.5%
Pittsburgh PenguinsMatt Cullen
51.4%
Columbus Blue JacketsRyan Johansen
50.7%
Toronto Maple LeafsNazem Kadri
50%
Anaheim DucksCarl Hagelin
48.6%
Arizona CoyotesRay Whitney
48.5%
New Jersey DevilsAdam Henrique
47.8%
Dallas StarsLoui Eriksson
46.3%
Columbus Blue JacketsBrandon Dubinsky
45.5%
New York RangersBrandon Dubinsky
45.5%
Montreal CanadiensScott Gomez
44.8%
Winnipeg JetsBryan Little
44.8%
Anaheim DucksJakob Silfverberg
44.3%
Dallas StarsBrenden Morrow
43.3%
Nashville PredatorsMartin Erat
43.3%
New Jersey DevilsIlya Kovalchuk
43.3%
Los Angeles KingsTyler Toffoli
42.9%
Anaheim DucksAndrew Cogliano
42.9%
Chicago BlackhawksArtem Anisimov
42.9%
Florida PanthersStephen Weiss
40.3%
New York RangersCarl Hagelin
38.1%
Minnesota WildMatt Cullen
37.3%
Washington CapitalsBrooks Laich
37.3%
New York IslandersRyan Strome
37.1%
New York RangersBrian Boyle
35.8%
New York RangersChris Drury
35.8%
New York IslandersMichael Grabner
34.3%
Detroit Red WingsDarren Helm
33.6%
Hint Answer % Correct
New York IslandersCasey Cizikas
32.9%
Chicago BlackhawksDave Bolland
32.1%
Pittsburgh PenguinsBrandon Sutter
31.4%
Los Angeles KingsJarret Stoll
31.3%
Carolina HurricanesBrandon Sutter
30.6%
San Jose SharksManny Malhotra
30.6%
Vancouver CanucksManny Malhotra
30.6%
Boston BruinsChris Kelly
29.9%
Ottawa SenatorsChris Kelly
29.9%
Carolina HurricanesRod Brind'Amour
29.1%
Chicago BlackhawksMichael Frolik
28.4%
Dallas StarsMike Modano
26.9%
Chicago BlackhawksMarcus Kruger
26.1%
Montreal CanadiensManny Malhotra
25.7%
Columbus Blue JacketsSamuel Pahlsson
25.4%
Chicago BlackhawksJohn Madden
24.6%
New York RangersDominic Moore
24.3%
Colorado AvalancheJay McClement
23.9%
St. Louis BluesJay McClement
23.9%
Toronto Maple LeafsJay McClement
23.9%
Colorado AvalancheCarl Soderberg
22.9%
Ottawa SenatorsJean-Gabriel Pageau
22.9%
Boston BruinsDaniel Paille
22.4%
Philadelphia FlyersMax Talbot
22.4%
Washington CapitalsEric Fehr
22.4%
Pittsburgh PenguinsCraig Adams
21.6%
Anaheim DucksScott Niedermayer
20.9%
Buffalo SabresSteve Ott
20.9%
Calgary FlamesChris Higgins
20.9%
New York RangersChris Higgins
20.9%
Arizona CoyotesVernon Fiddler
20.1%
Arizona CoyotesLauri Korpikoski
20.1%
St. Louis BluesJori Lehtera
20%
Los Angeles KingsMichal Handzus
19.4%
Detroit Red WingsLuke Glendening
15.7%
Toronto Maple LeafsDaniel Winnik
15.7%
Pittsburgh PenguinsDaniel Winnik
15.7%
Montreal CanadiensBrandon Prust
15.7%
New York RangersBrandon Prust
15.7%
New York RangersJesper Fast
14.3%
Buffalo SabresJochen Hecht
14.2%
Buffalo SabresPaul Gaustad
13.4%
Carolina HurricanesJiri Tlusty
13.4%
Arizona CoyotesBoyd Gordon
11.9%
Buffalo SabresTim Connolly
11.9%
Philadelphia FlyersVille Leino
11.9%
Washington CapitalsBoyd Gordon
11.9%
Tampa Bay LightningNate Thompson
11.2%
Arizona CoyotesWojtek Wolski
10.4%
Colorado AvalancheWojtek Wolski
10.4%
Edmonton OilersBoyd Gordon
10%
Nashville PredatorsPaul Gaustad
10%
Philadelphia FlyersRuslan Fedotenko
9.7%
Calgary FlamesBrendan Morrison
8.2%
Montreal CanadiensJeff Halpern
6.7%
Buffalo SabresMike Grier
4.5%
New York IslandersZenon Konopka
4.5%
New York IslandersRichard Park
4.5%
Philadelphia FlyersBlair Betts
3.7%
Nashville PredatorsJerred Smithson
3%

You're not logged in!

Compare scores with friends on all Sporcle quizzes.
OR
Log In

Sporcle TV

Today on Sporcle TV


Watch our educational content, quiz creation guides, and fun videos on Sporcle TV.

Show Comments

Extras

Top Quizzes Today


Score Distribution

Your Account Isn't Verified!

In order to create a playlist on Sporcle, you need to verify the email address you used during registration. Go to your Sporcle Settings to finish the process.

Report this User

Report this user for behavior that violates our Community Guidelines.

Details: